Capitales Caraïbes et Amérique Centrale - Statistiques

Statistiques générales
  • Ce quiz a été pris 2 508 fois
  • Le résultat moyen est 11 sur 18
Statistiques - réponses
Hint Réponse % Correct
Panama Panama
92%
Cuba La Havane
89%
Guatemala Guatemala
85%
Salvador San Salvador
83%
Costa Rica San José
78%
Haïti Port-au-Prince
75%
Nicaragua Managua
71%
Honduras Tegucigalpa
71%
Bahamas Nassau
66%
Belize Belmopan
63%
Trinité-et-Tobago Port-d'Espagne
54%
Dominique Roseau
50%
Saint-Vincent et les Grenadines Kingstown
47%
Sainte-Lucie Castries
46%
Barbade Bridgetown
43%
Antigua-et-Barbuda St John’s
43%
Grenade Saint-Georges
41%
Saint-Kitts-et-Nevis Basseterre
40%
Aucun quiz correspondant
Distribution des résultats
% des personnes avec chaque résultat
Percentile par nombre de réponses
Votre historique - résultats
Vous n’avez pas pris ce quiz